Countries that were in the 1982 FIFA World Cup - Statistics

General Stats
  • This quiz has been taken 39 times
  • The average score is 23 of 24
Answer Stats
Picture Answer % Correct
Argentina
100%
Belgium
100%
England
100%
France
100%
Italy
100%
Poland
100%
West Germany
100%
Austria
97%
Hungary
97%
Soviet Union
97%
Spain
97%
Brazil
94%
Chile
94%
Czechoslovakia
94%
New Zealand
94%
Peru
94%
Scotland
94%
Algeria
91%
Cameroon
91%
EL Salvador
91%
Northern Ireland
91%
Honduras
86%
Yugoslavia
83%
Kuwait
80%
No matching quizzes found
Score Distribution
Percent of People with Each Score
Percentile by Number Answered
Your Score History
You have not taken this quiz